00401 2200145 4500001002100000008004100021035002000062245005700082100001800139260003500157084001600192082001000208650001400218990002300232INLIS000000000003266 ind  a0010-0226000057 aGanti hati : sebuah pengalaman pribadicDahlan Iskan aDahlan, Iskan aJakartabKompas Gramediac2007 a923.5 Dah g a923.5 aReferensi a2787/SMPN 7 SBY/16